| 000 | 00827 a2200217 4500 | ||
|---|---|---|---|
| 010 | _aENG-85798 | ||
| 020 |
_a8189915185 _c650.00 |
||
| 035 | _aEN-69331 | ||
| 037 | _bD.B.Act / Pub | ||
| 082 | _a337.1 | ||
| 090 |
_c3628 _d3628 |
||
| 100 | _aSahni, Geetanjali | ||
| 245 |
_aGlobalisation and sovereignity of nation-states _cby Geetanjali Sahni |
||
| 260 |
_aNew Delhi _bRegal Publications _c2007 |
||
| 270 |
_aF-159, Rajouri Garden, _bNew Delhi _cDelhi _e110 027 _k45546396 _mregalbookspub@yahoo.com |
||
| 300 |
_a233p. _c22cm (Hb) |
||
| 500 | _aIncludes bibliographical references and index | ||
| 520 | _aGlobalization versus nationalism, changing trends in Indian economy, economic realities | ||
| 942 |
_adpl _cEN _k337,1 / SAH |
||
| 999 |
_c3557 _d3557 |
||